| 000 | 00672cam a22001934a 4500 | ||
|---|---|---|---|
| 020 | _a003025034X | ||
| 050 | 0 | 0 |
_aQL703 _b.V386 1978 |
| 100 | 1 | _aVaughan, Terry A. | |
| 245 | 1 | 0 |
_aMammalogy / _cTerry A. Vaughan, James M. Ryan, Nicholas J. Czaplewski. |
| 250 | _a4th ed. | ||
| 260 |
_aFort Worth : _bSaunders College Pub., _cc2000. |
||
| 300 | _aix, 565 p. | ||
| 700 | 1 | _aRyan, James M. | |
| 700 | 1 | _aCzaplewski, Nicholas J. | |
| 856 | 4 | 1 | _uhttp://www.loc.gov/catdir/enhancements/fy1303/99061624-t.html |
| 856 | 4 | 2 | _uhttp://www.loc.gov/catdir/enhancements/fy1303/99061624-b.html |
| 856 | 4 | 2 | _uhttp://www.loc.gov/catdir/enhancements/fy1303/99061624-d.html |
| 942 | _cGEN | ||
| 999 |
_c1887 _d1887 |
||